KATSEYE Discography (January 2026) - Statistics

General Stats
  • This quiz has been taken 205 times
    69 since last reset
  • The average score is 14 of 26
Answer Stats
Hint SIS: Soft Is Strong % Correct
SIS: Soft Is Strong Debut
98%
BEAUTIFUL CHAOS Gnarly
96%
SIS: Soft Is Strong My Way
96%
BEAUTIFUL CHAOS Gabriela
94%
SIS: Soft Is Strong Touch
94%
BEAUTIFUL CHAOS Gameboy
90%
BEAUTIFUL CHAOS M.I.A.
90%
Flame - Single Flame
85%
SIS: Soft Is Strong I'm Pretty
85%
Internet Girl - Digital single Internet Girl
85%
SIS: Soft Is Strong Tonight I Might
83%
BEAUTIFUL CHAOS Mean Girls
81%
'Good Boy' Original SoundTrack (OST) Time Lapse
58%
KATSEYE x Monster High Fright Song
52%
Gnarly Remixes Gnarly ft. Ice Spice
25%
BEAUTIFUL CHAOS: The Remixes Gnarly (Extended Version)
23%
BEAUTIFUL CHAOS: The Remixes Gabriela (Extended Version)
21%
SIS: Soft Is Strong (Extras) Touch ft. Yeonjun
21%
Gabriela Remix Gabriela ft. Young Miko
19%
BEAUTIFUL CHAOS: The Remixes Gameboy (Extended Version)
19%
BEAUTIFUL CHAOS: The Remixes Gabriela (Sped Up Version)
13%
BEAUTIFUL CHAOS: The Remixes Gameboy (JULiA LEWiS Acoustic Remix)
13%
BEAUTIFUL CHAOS: The Remixes Gameboy (Sped Up Version)
13%
BEAUTIFUL CHAOS: The Remixes Gabriela (JULiA LEWiS Reggaeton Remix)
10%
SIS: Soft Is Strong (Extras) Touch (Holiday Version)
10%
Gnarly Remixes Gnarly Club Remix
2%
No matching quizzes found
Score Distribution
Percent of People with Each Score
Percentile by Number Answered
Your Score History
You have not taken this quiz since the last reset